| 000 | 00970nam a2200217Ia 4500 | ||
|---|---|---|---|
| 999 |
_c49973 _d49973 |
||
| 001 | 16909 | ||
| 003 | GE_BSU | ||
| 005 | 20221220115700.0 | ||
| 008 | 181216s1960ge xx |||||||||||||| ||geo|| | ||
| 040 | _cGE_BSU | ||
| 041 | _ageo | ||
| 080 | _a821.353.31+ 821.353.1-31 დ-14 | ||
| 100 |
_aდადიანი, შალვა _916504 |
||
| 245 |
_aრჩეული თხზულებანი : 5 ტომად. _b ტ. 3 : გვირგვილიანების ოჯახი / _cშალვა დადიანი ; [რედ. კოლ.: ბ. ჟღენტი და სხვა] |
||
| 264 |
_aთბილისი : _bსაბჭ. საქართველო, _c1960. |
||
| 300 |
_a451 გვ.: _b22 სმ. |
||
| 653 | _aგვირგვილიანების ოჯახი | ||
| 653 | _aრომანი | ||
| 700 |
_aჟღენტი, ბ. _eრედაქტორი [და სხვ] _916505 |
||
| 942 |
_cBK _2udc |
||